000 00555nam a2200169 4500
001 135800
003 ES-MaACL
005 20230906194948.0
007 t|
008 070214s1965 sp r ||||1| spa d
100 1 _aRuiz Ayúcar, Angel.
_9100662
245 1 0 _aCara al viento /
_cpor Angel Ruiz Ayucar.
260 _aMadrid :
_bServicio Informativo Español,
_c1965.
300 _a258 p., IX lám. ;
_c22 cm.
710 1 _aEspaña.
_bMinisterio de Información y Turismo.
_bServicio Informativo Español.
_93888
852 _aES-MaACL
_jC-28740
_bR.58149
999 _c135800
_d135800